| 000 | 00943cam a22002897a 4500 | ||
|---|---|---|---|
| 003 | CHAP | ||
| 005 | 20220329142631.0 | ||
| 008 | 020626d1995 mx r 00110 spa d | ||
| 010 | _a85929 | ||
| 011 | _a86901 | ||
| 020 | _a01885960 | ||
| 035 | _a97441 | ||
| 040 | _cCHAP | ||
| 082 | 0 | 4 |
_a610 _bB5 1995 |
| 245 | 0 | 0 |
_aBibliomex salud 1995 _c/por Universidad Nacional Autónoma de México. Coordinación de la Investigación Científica |
| 260 |
_aMéxico, D.F. : _bUniverdiad Nacional Autónoma de México, _c1996. |
||
| 300 | _a441 p. | ||
| 590 |
_aBATCH-UPD _b10 _c20130110 _lUCH01 _h0446 |
||
| 590 |
_aBATCH-UPD _b10 _c20130410 _lUCH01 _h0123 |
||
| 590 |
_aBATCH-UPD _b10 _c20130914 _lUCH01 _h1807 |
||
| 590 |
_aCONVERSION _b10 _c20130109 _lUCH01 _h1348 |
||
| 650 | 1 | 4 |
_aMedicina _xBibliografía. _973900 |
| 901 | _aBK | ||
| 905 | _aMayto Villalobos S. | ||
| 942 | _cLIBRO | ||
| 949 |
_a610 B5 1995 _bBC _cC _d33724000850368 _eC _h102632 _i97441 _sb |
||
| 999 |
_c85929 _d85929 |
||